000
00430nam a2200145Ia 4500
008
100204s9999 xx 000 0 und d
082
_b
6454
100
_a
लागू चिंतामणी
245
_a
रक्तदोष
260
_b
"उदयदीप प्रकाशन , मुंबई"
_c
1984
300
_a
185
630
_a
रक्तदोष
730
_a
रक्तदोष
942
_c
BOOK
999
_c
450893
_d
450890